[Event "1. Bundesliga 2015/2016"]
[Site "Jenbach"]
[Date "2016.03.31"]
[Round "9"]
[Board "4"]
[White "Rotstein, Arkadij"]
[Black "Naumann, Alexander"]
[Result "0-1"]
[WhiteElo "2513"]
[BlackElo "2555"]
[PlyCount "88"]
[EventDate "2015.11.05"]
[EventType "team"]
[EventRounds "11"]
[EventCountry "AUT"]
[WhiteTeam "Schachklub Absam"]
[BlackTeam "SC MPOE Maria Saal"]

1.d4 Nf6 2.Nf3 g6 3.Nbd2 c5 4.dxc5 Qa5 5.a3 Qxc5 6.b4 Qc7 7.Bb2 Bg7 8.c4 d6 9.g3 b6
10.Bg2 Bb7 11.O-O O-O 12.Qb3 Nbd7 13.Rac1 Rac8 14.Rfd1 Qb8 15.Nf1 Qa8 16.Ne3 Rc7 17.Ne1
a6 18.Nd5 Nxd5 19.cxd5 Rxc1 20.Bxc1 Rc8 21.Bb2 Bxb2 22.Qxb2 Ne5 23.Nc2 b5 24.Ne3 Qa7
25.Rc1 Qa8 26.Rxc8+ Qxc8 27.f4 Nc4 28.Qc3 Nb6 29.Qd4 Na4 30.Kf2 Qc7 31.Ng4 Qb6 32.Ke3
f5 33.Nf2 e5 34.fxe5 dxe5 35.Qxb6 Nxb6 36.Nd3 Nc4+ 37.Kf2 e4 38.Nc5 Bxd5 39.Nxa6 Nxa3
40.Ke3 Nc2+ 41.Kf4 Bc4 42.g4 Bxe2 43.gxf5 gxf5 44.Bh3 Bc4 0-1

[Event "1. Bundesliga 2015/2016"]
[Site "Jenbach"]
[Date "2016.03.31"]
[Round "9"]
[Board "5"]
[White "Kreisl, Robert"]
[Black "Deglmann, Ludwig"]
[Result "1-0"]
[WhiteElo "2435"]
[BlackElo "2320"]
[PlyCount "81"]
[EventDate "2015.11.05"]
[EventType "team"]
[EventRounds "11"]
[EventCountry "AUT"]
[WhiteTeam "SC MPOE Maria Saal"]
[BlackTeam "Schachklub Absam"]

1.d4 e6 2.Nf3 Nf6 3.e3 g6 4.Bd3 Bg7 5.e4 d6 6.O-O O-O 7.c3 Nc6 8.Bg5 h6 9.Bh4 Ne7
10.Nbd2 Nh5 11.Bc2 Qe8 12.e5 dxe5 13.Nxe5 Nf6 14.Qf3 Nd7 15.Nxd7 Qxd7 16.Ne4 Kh8 17.Bf6
Ng8 18.Bxg7+ Kxg7 19.Rfe1 Rb8 20.h4 b6 21.Qg3 Bb7 22.Qe5+ f6 23.Qg3 Bxe4 24.Rxe4 f5
25.Re2 Rbe8 26.Rae1 Nf6 27.Bb3 e5 28.dxe5 Ne4 29.Qf4 g5 30.Qe3 Qe7 31.e6 Rd8 32.f3
Nd6 33.Qe5+ Rf6 34.Kf2 Rh8 35.Rh1 g4 36.Rd1 Rd8 37.Rd4 Kf8 38.fxg4 fxg4+ 39.Rf4 Ne8
40.Ke1 Kg7 41.Rxg4+ 1-0

[Event "1. Bundesliga 2015/2016"]
[Site "Jenbach"]
[Date "2016.03.31"]
[Round "9"]
[Board "6"]
[White "Pilz, Dieter"]
[Black "Rieger, Robert"]
[Result "1/2-1/2"]
[WhiteElo "2188"]
[BlackElo "2297"]
[PlyCount "60"]
[EventDate "2015.11.05"]
[EventType "team"]
[EventRounds "11"]
[EventCountry "AUT"]
[WhiteTeam "Schachklub Absam"]
[BlackTeam "SC MPOE Maria Saal"]

1.e4 c5 2.Nf3 Nc6 3.Nc3 g6 4.Bb5 Bg7 5.O-O e5 6.a4 Nge7 7.d3 O-O 8.Bc4 d6 9.Bg5 Kh8
10.h3 a6 11.Nd5 f6 12.Bd2 Nxd5 13.Bxd5 Ne7 14.Ba2 b5 15.b4 Bb7 16.bxc5 dxc5 17.Be3
Qd6 18.Rb1 Rfb8 19.Nd2 Nc6 20.axb5 axb5 21.Bd5 Nb4 22.Bxb7 Rxb7 23.Nb3 Na6 24.f4 Rc8
25.fxe5 fxe5 26.Qg4 Qd7 27.Qh4 c4 28.dxc4 bxc4 29.Rbd1 Qe8 30.Nd2 Rd7 1/2-1/2

[Event "1. Bundesliga 2015/2016"]
[Site "Jenbach"]
[Date "2016.03.31"]
[Round "9"]
[Board "1"]
[White "Georgiadis, Nico"]
[Black "Antoniewski, Rafal"]
[Result "1/2-1/2"]
[WhiteElo "2486"]
[BlackElo "2533"]
[PlyCount "60"]
[EventDate "2015.11.05"]
[EventType "team"]
[EventRounds "11"]
[EventCountry "AUT"]
[WhiteTeam "Schachclub Sparkasse Goetzis"]
[BlackTeam "SV Jacques Lemans St. Veit"]

1.d4 Nf6 2.c4 g6 3.g3 Bg7 4.Bg2 O-O 5.Nc3 d6 6.Nf3 Nc6 7.O-O Bg4 8.h3 Bxf3 9.Bxf3
Nd7 10.e3 e5 11.d5 Ne7 12.e4 f5 13.h4 Nf6 14.Bg5 Qd7 15.h5 gxh5 16.Bxh5 Nxh5 17.Qxh5
f4 18.Kg2 Ng6 19.Rh1 Bf6 20.Bh6 Rf7 21.Qh3 Qxh3+ 22.Rxh3 fxg3 23.fxg3 c6 24.Rf1 Bd8
25.Rxf7 Kxf7 26.Be3 Kg7 27.Bh6+ Kg8 28.Rh1 Bb6 29.Rf1 Bd4 30.Rf6 Rd8 1/2-1/2

[Event "1. Bundesliga 2015/2016"]
[Site "Jenbach"]
[Date "2016.03.31"]
[Round "9"]
[Board "2"]
[White "Prohaszka, Peter"]
[Black "Krassowizkij, Jaroslaw"]
[Result "1/2-1/2"]
[WhiteElo "2598"]
[BlackElo "2446"]
[PlyCount "99"]
[EventDate "2015.11.05"]
[EventType "team"]
[EventRounds "11"]
[EventCountry "AUT"]
[WhiteTeam "SV Jacques Lemans St. Veit"]
[BlackTeam "Schachclub Sparkasse Goetzis"]

1.Nf3 Nf6 2.c4 c5 3.g3 g6 4.b3 Bg7 5.Bb2 O-O 6.Bg2 Nc6 7.O-O d6 8.d4 cxd4 9.Nxd4 Bd7
10.Nc3 Rc8 11.Qd2 Qa5 12.Rfd1 Rfd8 13.h3 Nxd4 14.Qxd4 Bc6 15.Bxc6 bxc6 16.Rac1 Nd5
17.Qd2 Nxc3 18.Bxc3 Bxc3 19.Rxc3 Rc7 20.e4 e6 21.h4 Rcd7 22.Rd3 Qxd2 23.R1xd2 Kf8
24.Kf1 Ke7 25.Ke2 f5 26.Ke3 fxe4 27.Kxe4 Rf8 28.f4 h5 29.Kd4 Rf5 30.Re2 e5+ 31.Kc3
a5 32.a3 Kf6 33.fxe5+ Rxe5 34.Rf3+ Rf5 35.Rfe3 Re5 36.b4 axb4+ 37.axb4 Rxe3+ 38.Rxe3
d5 39.Kd4 Rb7 40.Kc5 dxc4 41.Rf3+ Ke6 42.Kxc4 Rb5 43.Ra3 g5 44.Ra5 gxh4 45.gxh4 Rxa5
46.bxa5 Kd6 47.Kb4 Kc7 48.Kc5 Kb7 49.Kd6 Ka6 50.Kxc6 1/2-1/2

[Event "1. Bundesliga 2015/2016"]
[Site "Jenbach"]
[Date "2016.03.31"]
[Round "9"]
[Board "3"]
[White "Eisenbeiser, Amadeus"]
[Black "Bosiocic, Marin"]
[Result "0-1"]
[WhiteElo "2413"]
[BlackElo "2564"]
[PlyCount "94"]
[EventDate "2015.11.05"]
[EventType "team"]
[EventRounds "11"]
[EventCountry "AUT"]
[WhiteTeam "Schachclub Sparkasse Goetzis"]
[BlackTeam "SV Jacques Lemans St. Veit"]

1.e4 c5 2.Nf3 e6 3.c4 Nc6 4.d4 cxd4 5.Nxd4 Nf6 6.Nc3 Bb4 7.Nxc6 bxc6 8.Bd3 e5 9.O-O
Bc5 10.Rb1 d6 11.b4 Bd4 12.Ne2 Bb6 13.Qc2 O-O 14.Bg5 h6 15.Bxf6 Qxf6 16.c5 dxc5 17.bxc5
Bd8 18.Ng3 g6 19.Rfd1 Be7 20.Nf1 Bg4 21.Rd2 Rab8 22.Rb3 h5 23.h3 Be6 24.Bc4 Rxb3 25.axb3
Rb8 26.Rd3 Bxc4 27.Qxc4 Rb5 28.Rf3 Qe6 29.Qxe6 fxe6 30.Nd2 Rxc5 31.Kf1 a5 32.Ke2 Rc1
33.Kd3 Bb4 34.Re3 c5 35.Ke2 Rc2 36.Rd3 c4 37.bxc4 a4 38.Kd1 Ra2 39.g3 a3 40.Nb3 Rxf2
41.c5 Bxc5 42.Nxc5 a2 43.Ra3 Rf1+ 44.Ke2 a1=Q 45.Rxa1 Rxa1 46.Nxe6 Ra3 47.Kf2 h4 0-1

[Event "1. Bundesliga 2015/2016"]
[Site "Jenbach"]
[Date "2016.03.31"]
[Round "9"]
[Board "4"]
[White "Rogic, Davor"]
[Black "Kessler, Luca"]
[Result "1/2-1/2"]
[WhiteElo "2532"]
[BlackElo "2433"]
[PlyCount "94"]
[EventDate "2015.11.05"]
[EventType "team"]
[EventRounds "11"]
[EventCountry "AUT"]
[WhiteTeam "SV Jacques Lemans St. Veit"]
[BlackTeam "Schachclub Sparkasse Goetzis"]

1.e4 c5 2.Nf3 e6 3.d4 cxd4 4.Nxd4 Nc6 5.Nc3 Qc7 6.Be3 a6 7.Be2 b5 8.Nxc6 dxc6 9.a4
Bb7 10.O-O Rd8 11.Qc1 Nf6 12.Bf4 e5 13.Bg5 Be7 14.Bf3 O-O 15.Ne2 Bc8 16.Ng3 Rfe8 17.h3
h6 18.Bd2 Rd6 19.c4 Qb7 20.Be3 Bf8 21.axb5 axb5 22.Ra7 Qb8 23.Be2 Rd7 24.Ra2 Rb7 25.Qa1
Be6 26.Rc1 Rd8 27.b3 bxc4 28.Bxc4 Bxc4 29.bxc4 Rb3 30.Ra5 Re8 31.Rd1 Rb4 32.Qa2 Rb2
33.Qa4 Rb1 34.Kh2 Rxd1 35.Qxd1 Qb4 36.Qa4 Qxa4 37.Rxa4 g6 38.Ra7 Kg7 39.Rc7 Re6 40.f3
Bb4 41.Ne2 Rd6 42.c5 Rd1 43.Ng3 Re1 44.Bf2 Rc1 45.Be3 Re1 46.Bf2 Rc1 47.Be3 Re1 1/2-1/2

[Event "1. Bundesliga 2015/2016"]
[Site "Jenbach"]
[Date "2016.03.31"]
[Round "9"]
[Board "5"]
[White "Bilchinski, Anton"]
[Black "Mazi, Leon"]
[Result "0-1"]
[WhiteElo "2299"]
[BlackElo "2386"]
[PlyCount "62"]
[EventDate "2015.11.05"]
[EventType "team"]
[EventRounds "11"]
[EventCountry "AUT"]
[WhiteTeam "Schachclub Sparkasse Goetzis"]
[BlackTeam "SV Jacques Lemans St. Veit"]

1.d4 Nf6 2.c4 d6 3.Nf3 g6 4.Nc3 Bg7 5.e4 O-O 6.Be2 Nbd7 7.O-O e5 8.Qc2 exd4 9.Nxd4
c6 10.Rd1 Qe7 11.Bg5 Re8 12.f3 Nc5 13.b4 Ne6 14.Nxe6 Bxe6 15.c5 dxc5 16.b5 c4 17.Be3
cxb5 18.Nxb5 a6 19.Nd6 Red8 20.Nxc4 Rdc8 21.Qb3 b5 22.Qa3 Qxa3 23.Nxa3 Rc3 24.Bc1
b4 25.Bb2 Rxa3 26.Bxa3 bxa3 27.Rac1 Ne8 28.Rc6 Bxa2 29.Rdc1 Be6 30.Bc4 Bxc4 31.R6xc4
a2 0-1

[Event "1. Bundesliga 2015/2016"]
[Site "Jenbach"]
[Date "2016.03.31"]
[Round "9"]
[Board "6"]
[White "Hebesberger, Thomas"]
[Black "Anistratov, Dmitrij"]
[Result "0-1"]
[WhiteElo "2319"]
[BlackElo "2287"]
[PlyCount "96"]
[EventDate "2015.11.05"]
[EventType "team"]
[EventRounds "11"]
[EventCountry "AUT"]
[WhiteTeam "SV Jacques Lemans St. Veit"]
[BlackTeam "Schachclub Sparkasse Goetzis"]

1.c4 Nf6 2.Nc3 d6 3.d4 Nbd7 4.e4 c6 5.Bd3 e5 6.d5 Be7 7.Nge2 a6 8.O-O O-O 9.Ng3 cxd5
10.cxd5 Ne8 11.Be2 Bg5 12.Bg4 g6 13.Bd2 Ng7 14.Rc1 h5 15.Bh3 h4 16.Nge2 Nb6 17.Bxc8
Rxc8 18.h3 Nc4 19.Bxg5 Qxg5 20.Rc2 b5 21.Qc1 Qh5 22.b3 Nb6 23.Qe3 Nd7 24.Rfc1 Rc5
25.Nb1 Rfc8 26.Rxc5 Rxc5 27.Rxc5 Nxc5 28.f3 f5 29.Nd2 Ne8 30.b4 Na4 31.exf5 gxf5 32.Qa7
Qf7 33.Qa8 Nb6 34.Qxa6 Qxd5 35.Qxb6 Qxd2 36.Qxb5 Nf6 37.Qc4+ d5 38.Qxh4 Kf7 39.Ng3
f4 40.Nf5 Qxb4 41.Qg5 Qb1+ 42.Kh2 d4 43.Qg7+ Ke6 44.Qg6 Qxf5 45.Qxf5+ Kxf5 46.Kg1
e4 47.Kf2 e3+ 48.Ke2 Ke5 0-1

[Event "1. Bundesliga 2015/2016"]
[Site "Jenbach"]
[Date "2016.03.31"]
[Round "9"]
[Board "1"]
[White "Papp, Gabor"]
[Black "Bromberger, Stefan"]
[Result "1/2-1/2"]
[WhiteElo "2593"]
[BlackElo "2531"]
[PlyCount "69"]
[EventDate "2015.11.05"]
[EventType "team"]
[EventRounds "11"]
[EventCountry "AUT"]
[WhiteTeam "L.A. Kraftanlage Ottakring"]
[BlackTeam "SIR Royal Salzburg"]

1.e4 e5 2.Nf3 Nc6 3.Bb5 a6 4.Ba4 Nf6 5.O-O Be7 6.d3 b5 7.Bb3 d6 8.a3 O-O 9.Nc3 Bg4
10.Be3 Nd4 11.Bxd4 exd4 12.Nd5 c6 13.Nxf6+ Bxf6 14.h3 Be6 15.Nd2 Bxb3 16.cxb3 c5 17.f4
Re8 18.Qf3 Qd7 19.a4 Qb7 20.Ra2 Bd8 21.axb5 axb5 22.Rfa1 Rxa2 23.Rxa2 Bb6 24.Qh5 g6
25.Qg5 Ra8 26.Rxa8+ Qxa8 27.Qe7 Qa1+ 28.Nf1 c4 29.Qxd6 c3 30.Qb8+ Kg7 31.Qe5+ Kg8
32.Qe8+ Kg7 33.Qe5+ Kg8 34.Qe8+ Kg7 35.Qe5+ 1/2-1/2

[Event "1. Bundesliga 2015/2016"]
[Site "Jenbach"]
[Date "2016.03.31"]
[Round "9"]
[Board "2"]
[White "Kunin, Vitaly"]
[Black "Banusz, Tamas"]
[Result "1-0"]
[WhiteElo "2592"]
[BlackElo "2619"]
[PlyCount "171"]
[EventDate "2015.11.05"]
[EventType "team"]
[EventRounds "11"]
[EventCountry "AUT"]
[WhiteTeam "SIR Royal Salzburg"]
[BlackTeam "L.A. Kraftanlage Ottakring"]

1.d4 d5 2.c4 e6 3.Nc3 Nf6 4.Bg5 Be7 5.e3 h6 6.Bh4 O-O 7.Nf3 b6 8.Qb3 Bb7 9.Bxf6 Bxf6
10.cxd5 exd5 11.Rd1 Re8 12.Be2 c6 13.O-O Na6 14.Rd2 Nc7 15.Rc1 Ne6 16.Qd1 Qe7 17.a3
g6 18.Bf1 Bg7 19.g3 Red8 20.Bg2 c5 21.dxc5 Nxc5 22.Nd4 Ne4 23.Rdc2 Be5 24.Na2 a5 25.Nc3
Qd7 26.Nce2 Rac8 27.Nf4 Rxc2 28.Rxc2 Bxf4 29.gxf4 Rc8 30.Rxc8+ Qxc8 31.h4 Nf6 32.f5
g5 33.hxg5 hxg5 34.Bf3 Ba6 35.b4 axb4 36.axb4 Qc3 37.b5 Bc8 38.Kh1 Qc5 39.Qg1 Nh7
40.Qg3 Bd7 41.Qe5 Bxb5 42.Bxd5 Bd7 43.Kg2 Nf6 44.Qxf6 Qxd5+ 45.Kg3 g4 46.Qg5+ Kf8
47.Qd8+ Kg7 48.Qg5+ Kf8 49.Qxg4 Qe5+ 50.Kf3 b5 51.Qe4 Qd6 52.Qb7 Be8 53.Ke2 Qc5 54.Qb8
Qd5 55.f6 Qh5+ 56.Kd2 Qc5 57.Qg3 Qb4+ 58.Ke2 Qc4+ 59.Kf3 Qd5+ 60.e4 Qh5+ 61.Kf4 Qh6+
62.Ke5 Bd7 63.f4 b4 64.Qb3 Qh5+ 65.Kd6 Qa5 66.Qc4 Qd8 67.Qxb4 Kg8 68.Ke5 Qc7+ 69.Kd5
Qxf4 70.Qe7 Qc7 71.Qd6 Qa5+ 72.Qc5 Qxc5+ 73.Kxc5 Kf8 74.Kd6 Bh3 75.Kc7 Bg2 76.e5 Bd5
77.Kd7 Bc4 78.Kd8 Bd5 79.Nf5 Bc4 80.Ne7 Ba2 81.Nc6 Bd5 82.Nb8 Bb3 83.Nd7+ Kg8 84.Ke7
Bc4 85.Nc5 Be2 86.Ne4 1-0

[Event "1. Bundesliga 2015/2016"]
[Site "Jenbach"]
[Date "2016.03.31"]
[Round "9"]
[Board "3"]
[White "Dragnev, Valentin"]
[Black "Mons, Leon"]
[Result "1/2-1/2"]
[WhiteElo "2432"]
[BlackElo "2461"]
[PlyCount "128"]
[EventDate "2015.11.05"]
[EventType "team"]
[EventRounds "11"]
[EventCountry "AUT"]
[WhiteTeam "L.A. Kraftanlage Ottakring"]
[BlackTeam "SIR Royal Salzburg"]

1.e4 e5 2.Nf3 Nc6 3.Bb5 a6 4.Ba4 Nf6 5.O-O Be7 6.Re1 b5 7.Bb3 d6 8.c3 O-O 9.h3 Bb7
10.d3 Nb8 11.Nbd2 Nbd7 12.Nf1 Nc5 13.Bc2 Re8 14.Ng3 Bf8 15.b4 Ncd7 16.d4 c5 17.bxc5
dxc5 18.d5 c4 19.a4 b4 20.cxb4 Bxb4 21.Re3 a5 22.Bb2 Bc5 23.Re2 Bb4 24.Bc1 Nc5 25.Bg5
Qb6 26.Nf5 Bc8 27.d6 Bxf5 28.exf5 Rad8 29.Rxe5 Rxe5 30.Nxe5 Nce4 31.Bxe4 Nxe4 32.Bh4
Bxd6 33.Rc1 Be7 34.Qg4 Qb2 35.Re1 Qxe5 36.Bxe7 Qxe7 37.Rxe4 h5 38.Qe2 Qg5 39.Rxc4
Qxf5 40.Re4 g6 41.g4 hxg4 42.hxg4 Qd5 43.Kh2 Qd6+ 44.Kg2 Qc6 45.Kg3 Qd6+ 46.Kg2 Qc6
47.Qc4 Qxc4 48.Rxc4 Rd3 49.Rc5 Rd4 50.Rxa5 Rxg4+ 51.Kf3 Rb4 52.Ra8+ Kg7 53.a5 Ra4
54.a6 g5 55.a7 Kf6 56.Kg3 Kf5 57.Rb8 Ra3+ 58.f3 Rxa7 59.Rb5+ Kg6 60.f4 Ra3+ 61.Kg4
f5+ 62.Rxf5 Rg3+ 63.Kxg3 Kxf5 64.fxg5 Kxg5 1/2-1/2

[Event "1. Bundesliga 2015/2016"]
[Site "Jenbach"]
[Date "2016.03.31"]
[Round "9"]
[Board "4"]
[White "Prusikin, Michael"]
[Black "Menezes, Christoph"]
[Result "1/2-1/2"]
[WhiteElo "2523"]
[BlackElo "2395"]
[PlyCount "60"]
[EventDate "2015.11.05"]
[EventType "team"]
[EventRounds "11"]
[EventCountry "AUT"]
[WhiteTeam "SIR Royal Salzburg"]
[BlackTeam "L.A. Kraftanlage Ottakring"]

1.d4 Nf6 2.c4 g6 3.Nc3 d5 4.cxd5 Nxd5 5.Nf3 Bg7 6.e3 O-O 7.Bc4 Nb6 8.Bb3 c5 9.O-O
cxd4 10.exd4 Nc6 11.d5 Na5 12.h3 Nxb3 13.axb3 Bxc3 14.bxc3 Qxd5 15.Qc2 f6 16.c4 Qf5
17.Qc3 e5 18.Qb4 Qe6 19.Rd1 Bd7 20.Bh6 Rfe8 21.c5 Nd5 22.Qxb7 Qc6 23.Qa6 Nc7 24.Qe2
Nb5 25.Qc4+ Be6 26.Qh4 Bf5 27.Qc4+ Be6 28.Qh4 Bf5 29.Qc4+ Be6 30.Qh4 Bf5 1/2-1/2

[Event "1. Bundesliga 2015/2016"]
[Site "Jenbach"]
[Date "2016.03.31"]
[Round "9"]
[Board "5"]
[White "Schneider-Zinner, Harald"]
[Black "Seyb, Alexander"]
[Result "1/2-1/2"]
[WhiteElo "2353"]
[BlackElo "2417"]
[PlyCount "70"]
[EventDate "2015.11.05"]
[EventType "team"]
[EventRounds "11"]
[EventCountry "AUT"]
[WhiteTeam "L.A. Kraftanlage Ottakring"]
[BlackTeam "SIR Royal Salzburg"]

1.d4 Nf6 2.c4 g6 3.g3 c6 4.Bg2 d5 5.Qa4 Nfd7 6.cxd5 Nb6 7.Qb3 cxd5 8.Nc3 Nc6 9.e3
Be6 10.Nge2 Bh6 11.h4 Qd7 12.a4 O-O 13.h5 g5 14.Qb5 Rfd8 15.b3 Nc8 16.Ba3 a5 17.Qd3
Bf5 18.Qd2 e6 19.Nb5 Nb4 20.Bxb4 axb4 21.Rc1 Nd6 22.Rc7 Qe8 23.Nxd6 Rxd6 24.O-O b5
25.Qxb4 Bf8 26.Qd2 Qd8 27.Rfc1 bxa4 28.bxa4 h6 29.Rb7 Rd7 30.Rxd7 Qxd7 31.Nc3 Bb4
32.Qb2 Bxc3 33.Qxc3 Qxa4 34.Bf3 Qd7 35.Ra1 Rxa1+ 1/2-1/2

[Event "1. Bundesliga 2015/2016"]
[Site "Jenbach"]
[Date "2016.03.31"]
[Round "9"]
[Board "6"]
[White "Hilverda, Alexander"]
[Black "Beck, Hartmuth"]
[Result "1/2-1/2"]
[WhiteElo "2378"]
[BlackElo "2356"]
[PlyCount "97"]
[EventDate "2015.11.05"]
[EventType "team"]
[EventRounds "11"]
[EventCountry "AUT"]
[WhiteTeam "SIR Royal Salzburg"]
[BlackTeam "L.A. Kraftanlage Ottakring"]

1.d4 f5 2.Nf3 Nf6 3.g3 g6 4.Bg2 Bg7 5.c4 d6 6.Nc3 O-O 7.O-O Qe8 8.d5 a5 9.e4 fxe4
10.Ng5 e5 11.dxe6 Bxe6 12.Ncxe4 Nxe4 13.Bxe4 Bxc4 14.Bxb7 Bxf1 15.Bxa8 Bc4 16.Bd5+
Bxd5 17.Qxd5+ Kh8 18.Bd2 h6 19.Re1 Qc6 20.Qxc6 Nxc6 21.Ne6 Rf7 22.Nxg7 Kxg7 23.f4
Rd7 24.Rc1 Nb4 25.a3 Nd3 26.Rd1 Kf7 27.Bc3 Nc5 28.Bxa5 d5 29.Bc3 Ne4 30.Be5 c5 31.Kg2
Ke6 32.b4 cxb4 33.axb4 Rb7 34.Rb1 Nd2 35.Rc1 Nc4 36.Bc3 h5 37.Rb1 Kf5 38.Bd4 Ke4 39.Bc5
d4 40.Kf2 d3 41.Re1+ Kf5 42.Rd1 Ke4 43.Re1+ Kf5 44.Rd1 Rd7 45.Kf3 Nb2 46.Rd2 Nc4 47.Rd1
Nb2 48.Rd2 Nc4 49.Rd1 1/2-1/2

[Event "1. Bundesliga 2015/2016"]
[Site "Jenbach"]
[Date "2016.03.31"]
[Round "9"]
[Board "1"]
[White "Nisipeanu, Liviu-Dieter"]
[Black "Bindrich, Falko"]
[Result "1/2-1/2"]
[WhiteElo "2667"]
[BlackElo "2574"]
[PlyCount "78"]
[EventDate "2015.11.05"]
[EventType "team"]
[EventRounds "11"]
[EventCountry "AUT"]
[WhiteTeam "Schachklub Sparkasse Jenbach"]
[BlackTeam "SK Hohenems"]

1.Nf3 d5 2.d4 Nf6 3.Bf4 e6 4.e3 Be7 5.Bd3 O-O 6.Nbd2 c5 7.c3 Qb6 8.Rb1 Bd7 9.Qe2 a6
10.O-O Bb5 11.c4 dxc4 12.Nxc4 Bxc4 13.Bxc4 cxd4 14.Nxd4 Nc6 15.Nb3 Rfd8 16.Rfd1 h6
17.h3 Rac8 18.Nd2 Bd6 19.Bxe6 fxe6 20.Nc4 Qb5 21.a4 Qxa4 22.Nxd6 Rc7 23.Ne4 Rxd1+
24.Rxd1 Rf7 25.Nc5 Qa2 26.Qc2 a5 27.Rd6 Re7 28.Nxb7 Rxb7 29.Rxc6 Rxb2 30.Rc8+ Kf7
31.Rc7+ Kg8 32.Rc8+ Kf7 33.Qc6 Rb1+ 34.Kh2 Qxf2 35.Rc7+ Kg6 36.Qxe6 Qg1+ 37.Kg3 Qe1+
38.Kh2 Qg1+ 39.Kg3 Qe1+ 1/2-1/2

[Event "1. Bundesliga 2015/2016"]
[Site "Jenbach"]
[Date "2016.03.31"]
[Round "9"]
[Board "2"]
[White "Martinovic, Sasa"]
[Black "Schlosser, Philipp"]
[Result "1/2-1/2"]
[WhiteElo "2539"]
[BlackElo "2551"]
[PlyCount "112"]
[EventDate "2015.11.05"]
[EventType "team"]
[EventRounds "11"]
[EventCountry "AUT"]
[WhiteTeam "SK Hohenems"]
[BlackTeam "Schachklub Sparkasse Jenbach"]

1.d4 Nf6 2.c4 e6 3.Nc3 Bb4 4.Nf3 c5 5.g3 Nc6 6.Bg2 Ne4 7.Bd2 Nxd2 8.Qxd2 cxd4 9.Nxd4
O-O 10.a3 Be7 11.O-O Qb6 12.e3 Rd8 13.b4 d6 14.Rfd1 Bd7 15.Nf5 d5 16.c5 Qc7 17.b5
Bxc5 18.bxc6 bxc6 19.Nd4 Rab8 20.Qc2 Bf8 21.e4 c5 22.Nf3 d4 23.Ne2 e5 24.Nd2 d3 25.Qxd3
Bb5 26.Qf3 Rd3 27.Qh5 Rbd8 28.Rdb1 g6 29.Qg5 h6 30.Qh4 Rxd2 31.Rxb5 Rxe2 32.Bf1 Rc2
33.Rab1 c4 34.Rb7 Qd6 35.g4 g5 36.Qg3 Qxa3 37.Qxa3 Bxa3 38.Rc7 Rdd2 39.Bxc4 Bb2 40.Bxf7+
Kf8 41.Rxc2 Rxc2 42.Bb3 Rd2 43.Rd1 Rxd1+ 44.Bxd1 Ke7 45.Kf1 Kd6 46.Ke2 Kc5 47.Ba4
Kd4 48.f3 a5 49.Bd7 Bc1 50.h3 Kc3 51.Be8 Bf4 52.Bd7 Kb3 53.Be6+ Ka3 54.Kd3 a4 55.Kc3
Be3 56.Bd7 Bf4 1/2-1/2

[Event "1. Bundesliga 2015/2016"]
[Site "Jenbach"]
[Date "2016.03.31"]
[Round "9"]
[Board "3"]
[White "Shengelia, David"]
[Black "Breder, Dennis"]
[Result "1-0"]
[WhiteElo "2566"]
[BlackElo "2474"]
[PlyCount "71"]
[EventDate "2015.11.05"]
[EventType "team"]
[EventRounds "11"]
[EventCountry "AUT"]
[WhiteTeam "Schachklub Sparkasse Jenbach"]
[BlackTeam "SK Hohenems"]

1.d4 d5 2.Bf4 Nf6 3.e3 c5 4.Nc3 a6 5.dxc5 Nc6 6.Nf3 e6 7.Na4 Bxc5 8.Nxc5 Qa5+ 9.c3
Qxc5 10.Be2 O-O 11.O-O h6 12.h3 Rd8 13.Qb3 Na5 14.Qc2 Qb6 15.Rfd1 Bd7 16.Be5 Ne8 17.b4
Nc4 18.Bxc4 dxc4 19.a4 f6 20.Bd4 Qc6 21.a5 e5 22.Bb6 Rdc8 23.Nh4 Qe6 24.Rd2 e4 25.Qd1
Bc6 26.Qh5 Nd6 27.Rad1 Nb5 28.Nf5 Qf7 29.Qg4 Kh7 30.Nxg7 f5 31.Qxf5+ Qxf5 32.Nxf5
Nxc3 33.Rc1 Rf8 34.Ne7 Nb5 35.Nxc6 bxc6 36.Rxc4 1-0

[Event "1. Bundesliga 2015/2016"]
[Site "Jenbach"]
[Date "2016.03.31"]
[Round "9"]
[Board "4"]
[White "Atlas, Valery"]
[Black "Boensch, Uwe"]
[Result "1/2-1/2"]
[WhiteElo "2453"]
[BlackElo "2553"]
[PlyCount "101"]
[EventDate "2015.11.05"]
[EventType "team"]
[EventRounds "11"]
[EventCountry "AUT"]
[WhiteTeam "SK Hohenems"]
[BlackTeam "Schachklub Sparkasse Jenbach"]

1.e4 c5 2.Nf3 Nc6 3.Nc3 e5 4.Bc4 Be7 5.d3 d6 6.Nd2 Nf6 7.Nf1 Nd7 8.Nd5 Nb6 9.Nxb6
axb6 10.c3 O-O 11.Ne3 Bg5 12.O-O Ne7 13.Qb3 Bd7 14.a4 Bc6 15.Nd5 Bxc1 16.Nxe7+ Qxe7
17.Rfxc1 Qc7 18.Bd5 Ra5 19.Ra3 g6 20.Rca1 Kg7 21.Qa2 Rc8 22.f3 Qe7 23.Bxc6 Rxc6 24.b3
Qg5 25.Qe2 b5 26.Qe1 bxa4 27.c4 Raa6 28.Rxa4 Rxa4 29.Rxa4 Rb6 30.Ra3 Qf4 31.h3 h5
32.Kf2 h4 33.Ke2 Qg5 34.Qg1 Kf6 35.Kd1 Qg3 36.Kc2 Ke6 37.Ra8 Kd7 38.Kc3 Qg5 39.Kc2
Qg3 40.Kc3 Qg5 41.Kc2 Rb4 42.Qf2 Qf4 43.Ra3 Ke6 44.Ra8 Kf6 45.Ra3 Kg5 46.Ra8 Rb6 47.Qe2
Kf6 48.Ra3 Kg5 49.Ra1 Rb4 50.Ra5 Kf6 51.Ra3 1/2-1/2

[Event "1. Bundesliga 2015/2016"]
[Site "Jenbach"]
[Date "2016.03.31"]
[Round "9"]
[Board "5"]
[White "Lehner, Oliver"]
[Black "Froewis, Georg"]
[Result "0-1"]
[WhiteElo "2408"]
[BlackElo "2452"]
[PlyCount "102"]
[EventDate "2015.11.05"]
[EventType "team"]
[EventRounds "11"]
[EventCountry "AUT"]
[WhiteTeam "Schachklub Sparkasse Jenbach"]
[BlackTeam "SK Hohenems"]

1.e4 e6 2.d4 d5 3.Nc3 Bb4 4.e5 c5 5.a3 Bxc3+ 6.bxc3 Ne7 7.Qg4 cxd4 8.Bd3 Qa5 9.Ne2
O-O 10.Bg5 Ng6 11.f4 Nd7 12.O-O dxc3 13.Bxg6 fxg6 14.Qxe6+ Rf7 15.Qd6 Qc5+ 16.Qxc5
Nxc5 17.Nxc3 Be6 18.Rad1 Raf8 19.Nxd5 Bxd5 20.Rxd5 Ne6 21.Re1 h6 22.Rd6 Re8 23.Bh4
Rxf4 24.Bf2 b6 25.Rd7 Rf7 26.Red1 Nf4 27.Rxf7 Kxf7 28.Be3 g5 29.Rf1 Rxe5 30.Bxf4 gxf4
31.Rxf4+ Ke6 32.Kf2 Ra5 33.Rf3 Rc5 34.c3 Ra5 35.c4 Ra4 36.Rg3 Kf6 37.Rc3 Ke5 38.Ke3
Kd6 39.Kd4 b5 40.h4 h5 41.Rc1 bxc4 42.Rd1 Rxa3 43.Kxc4+ Kc6 44.Re1 Ra4+ 45.Kb3 Rxh4
46.Re6+ Kd5 47.Ra6 Rg4 48.Rxa7 Rg3+ 49.Kb4 Rxg2 50.Ra5+ Kd4 51.Rxh5 g5 0-1

[Event "1. Bundesliga 2015/2016"]
[Site "Jenbach"]
[Date "2016.03.31"]
[Round "9"]
[Board "6"]
[White "Burschowsky, Matthias"]
[Black "Reich, Thomas"]
[Result "0-1"]
[WhiteElo "2220"]
[BlackElo "2376"]
[PlyCount "88"]
[EventDate "2015.11.05"]
[EventType "team"]
[EventRounds "11"]
[EventCountry "AUT"]
[WhiteTeam "SK Hohenems"]
[BlackTeam "Schachklub Sparkasse Jenbach"]

1.Nf3 Nf6 2.c4 g6 3.Nc3 Bg7 4.g3 O-O 5.Bg2 d6 6.O-O Nc6 7.d3 Bf5 8.e4 Bg4 9.h3 Bxf3
10.Qxf3 Ne5 11.Qe2 c5 12.Be3 Nc6 13.f4 Ne8 14.g4 Nc7 15.f5 Ne5 16.g5 Rb8 17.h4 b5
18.cxb5 Nxb5 19.Nxb5 Rxb5 20.d4 cxd4 21.Qxb5 dxe3 22.Rfe1 Qb8 23.Qxb8 Rxb8 24.Rxe3
Rxb2 25.Rc1 f6 26.Ra3 fxg5 27.hxg5 Rb7 28.Bf1 h6 29.Rc8+ Kf7 30.gxh6 Bxh6 31.fxg6+
Kxg6 32.Kg2 Bf4 33.Rb3 Rxb3 34.axb3 a5 35.Rc2 Be3 36.Bb5 Bc5 37.Kg3 Kg5 38.Ra2 Bb4
39.Rc2 Be1+ 40.Kg2 Kf4 41.Re2 Bb4 42.Be8 Nd3 43.Bf7 Ke5 44.Rc2 Ne1+ 0-1

[Event "1. Bundesliga 2015/2016"]
[Site "Jenbach"]
[Date "2016.03.31"]
[Round "9"]
[Board "1"]
[White "Lenic, Luka"]
[Black "Haba, Petr"]
[Result "1/2-1/2"]
[WhiteElo "2628"]
[BlackElo "2481"]
[PlyCount "67"]
[EventDate "2015.11.05"]
[EventType "team"]
[EventRounds "11"]
[EventCountry "AUT"]
[WhiteTeam "SV Raika Rapid Feffernitz"]
[BlackTeam "Spk. Grieskirchen/Bad Schallerbach"]

1.d4 d5 2.c4 c6 3.Nf3 Nf6 4.g3 Bf5 5.Nc3 Nbd7 6.Nh4 Be4 7.f3 Bg6 8.cxd5 cxd5 9.Bf4
e6 10.Qb3 Qb6 11.Qxb6 Nxb6 12.e4 a6 13.e5 Nfd7 14.Nxg6 hxg6 15.Bd3 Rc8 16.Ne2 Nb8
17.Rc1 Nc6 18.Kf2 Be7 19.Bd2 Kd7 20.h4 Na8 21.Rc2 Nb4 22.Rxc8 Nxd3+ 23.Ke3 Kxc8 24.Kxd3
Nb6 25.b3 Kd7 26.Rc1 Rc8 27.Rc2 Rxc2 28.Kxc2 Nc8 29.Nc1 Na7 30.Nd3 Nc6 31.Be3 Nb4+
32.Nxb4 Bxb4 33.g4 Ke8 34.Kd3 1/2-1/2